Dual concepts in industrial employment (Record no. 359527)

000 -LEADER
fixed length control field 00456cam a22001457a 4500
008 - FIXED-LENGTH DATA ELEMENTS--GENERAL INFORMATION
fixed length control field 180718b1957 xxu||||| |||| 00| 0 eng d
082 ## - DEWEY DECIMAL CLASSIFICATION NUMBER
Classification number R03x54 B469
100 ## - MAIN ENTRY--PERSONAL NAME
Personal name Bhasin, T.R.
245 ## - TITLE STATEMENT
Title Dual concepts in industrial employment
Statement of responsibility, etc. by T.R. Bhasin
260 ## - PUBLICATION, DISTRIBUTION, ETC.
Place of publication, distribution, etc. New Delhi
Name of publisher, distributor, etc. Industrial Legal-Aid & Advice Institute
Date of publication, distribution, etc. 1957
300 ## - PHYSICAL DESCRIPTION
Extent 35p.
440 ## - SERIES STATEMENT/ADDED ENTRY--TITLE
Title Industrial-Law-Learner; 3
650 ## - SUBJECT ADDED ENTRY--TOPICAL TERM
Topical term or geographic name entry element Labour Sipply - India
650 ## - SUBJECT ADDED ENTRY--TOPICAL TERM
Topical term or geographic name entry element Labour - India - Legislation
Holdings
Withdrawn status Lost status Damaged status Not for loan Permanent Location Current Location Date acquired Full call number Barcode Date last seen Price effective from Koha item type
        Indian Institute of Public Administration Indian Institute of Public Administration 1994-02-09 R03x54 B469 18319 2018-07-21 2018-07-21 Book

Powered by Koha